[Event "GRE-chT U16 9th"]
[Site "Thessaloniki"]
[Date "2016.12.16"]
[Round "3.2"]
[White "Liakos, Christos Konstanti"]
[Black "Papaioannou, Paris"]
[Result "1-0"]
[WhiteElo "1348"]
[BlackElo "1086"]
[PlyCount "51"]
[EventDate "2016.12.15"]
[EventType "team-swiss"]
[EventRounds "6"]
[EventCountry "GRE"]
[SourceTitle "CBM 176 Extra"]
[Source "ChessBase"]
[SourceDate "2017.03.02"]
[SourceVersion "1"]
[SourceVersionDate "2017.03.02"]
[SourceQuality "1"]
[WhiteTeam "Kalamata"]
[BlackTeam "Volou SE"]
[WhiteTeamCountry "GRE"]
[BlackTeamCountry "GRE"]

1. e4 e5 2. Nf3 Nc6 3. Bc4 h6 4. d4 exd4 5. Nxd4 Na5 6. Qd3 Nxc4 7. Qxc4 d6 8. 0-0 Nf6 9. Nc3 Be7 10. Bd2 0-0 11. f4 c6 12. Qd3 Re8 13. f5 Bd7 14. Rf3 c5 15. Nb3 Rc8 16. Qe3 Nh5 17. Rh3 Bg5 18. Qf3 g6 19. Rf1 Rf8 20. g4 Nf6 21. Bxg5 hxg5 22. Nd5 Kg7 23. Qe3 Nh7 24. f6+ Nxf6 25. Nxf6 Be6 26. Rh7# 1-0